Teora̕ del derecho

Detalles Bibliográficos
Autor principal: Bodenheimer, Edgar
Formato: Libro
Lenguaje:español
Publicado: Mx̌ico Fondo de Cultura Econm̤ica 1994
Edición:2® ed.
Materias:
Acceso en línea:Acceso restringido

MARC

LEADER 00000nam a22000007a 4500
005 20151013153226.0
007 cr|||| ||u|
008 151013s1994 mx |||||||||| 00||0 spa d
020 |a 978-968-16-4593-9 
035 |a 12882 
040 |a vLex 
090 |c 5598  |d 5598 
100 1 |a Bodenheimer, Edgar 
245 1 0 |a Teora̕ del derecho  |h [Recurso electrn̤ico] /  |c Edgar Bodenheimer  
250 |a 2® ed. 
256 |a Servicio en ln̕ea 
260 |a Mx̌ico   |b Fondo de Cultura Econm̤ica  |c 1994 
300 |a 1 recurso electrn̤ico (427 Pg̀inas) 
506 |a Contenido solo disponible en los productos indicados  |d vLex Global  |d vLex Global (Academic Edition, excluding Law Schools)  |d vLex Global (U.S. Academic Edition, Law Schools)  |d vLex Global (U.S. Academic Edition, excluding Law Schools)  |d vLex Global (Academic Edition, Law Schools) 
650 0 4 |a Derecho  |z Mx̌ico 
740 |a vLex libros (servicio en ln̕ea) 
856 4 0 |u http://vlex.com/source/teoria-derecho-12882  |z Acceso restringido 
942 |c BOOK 
999 0 |a Laws